[Event "8 Player Open 17"]
[Site "SchemingMind.com"]
[Date "2014.11.15"]
[Round "-"]
[White "letolk"]
[Black "michel"]
[Result "0-1"]
[WhiteCountry "NED"]
[BlackCountry "CAN"]
[WhiteElo "1280"]
[WhiteRD "165"]
[BlackElo "2323"]
[BlackRD "61"]
[GameID "368950"]

1. e4 d6 2. d4 Nf6 3. Nc3 e5 4. Nf3 Nbd7 5. Bc4 Be7 6. O-O O-O 7. Re1 c6 8. a4 a5 9. h3 Nb6 10. Ba2 Nfd7
11. dxe5 Nxe5 12. Nxe5 dxe5 13. Qf3 Nd7
0-1

[Event "8 Player Open 17"]
[Site "SchemingMind.com"]
[Date "2014.11.15"]
[Round "-"]
[White "Simon Green"]
[Black "letolk"]
[Result "1-0"]
[WhiteCountry "ENG"]
[BlackCountry "NED"]
[WhiteElo "1649"]
[WhiteRD "54"]
[BlackElo "1280"]
[BlackRD "165"]
[GameID "368951"]

1. d4 e6 2. e3 f5 3. Bd3 Nf6 4. f4 b6 5. Nf3 Bb7 6. O-O Be7 7. Nbd2 O-O 8. Qe1 Ne4 9. Bxe4 fxe4 10. Ne5 c5
11. c3 d6 12. Ng4
1-0

[Event "8 Player Open 17"]
[Site "SchemingMind.com"]
[Date "2014.11.15"]
[Round "-"]
[White "letolk"]
[Black "Simon Green"]
[Result "0-1"]
[WhiteCountry "NED"]
[BlackCountry "ENG"]
[WhiteElo "1280"]
[WhiteRD "165"]
[BlackElo "1649"]
[BlackRD "54"]
[GameID "368952"]

1. e4 e6 2. d4 d5 3. exd5 exd5 4. c4 dxc4 5. Bxc4 Bb4+ 6. Nc3 Nf6 7. Qb3 Qe7+ 8. Ne2 Bxc3+ 9. bxc3 Nc6 10. Ba3 Qd7
11. Qc2 b6 12. Ng3 Bb7 13. Qe2+ Ne7 14. Nf5 Ng8
0-1

[Event "8 Player Open 17"]
[Site "SchemingMind.com"]
[Date "2014.11.14"]
[Round "-"]
[White "frankly"]
[Black "letolk"]
[Result "1-0"]
[WhiteCountry "ENG"]
[BlackCountry "NED"]
[WhiteElo "2408"]
[WhiteRD "65"]
[BlackElo "1270"]
[BlackRD "164"]
[GameID "368953"]

1. d4 e6 2. e4 d5 3. Nc3 Nf6 4. exd5 exd5 5. Nf3 Bd6 6. Bd3 O-O 7. O-O Bg4 8. h3 Bh5 9. Re1 Nbd7 10. g4 Bg6
11. g5 Nh5 12. Nxd5 c6 13. Nc3 Nf4 14. Bxg6 fxg6 15. Bxf4 Bxf4 16. Ne4 Nb6 17. Qd3 Qd7 18. Qb3+ Kh8 19. Kg2 Rf7 20. Nc5 Qf5
21. Qd3 Bxg5 22. Qxf5 Rxf5 23. Re5
1-0

[Event "8 Player Open 17"]
[Site "SchemingMind.com"]
[Date "2014.11.14"]
[Round "-"]
[White "letolk"]
[Black "frankly"]
[Result "0-1"]
[WhiteCountry "NED"]
[BlackCountry "ENG"]
[WhiteElo "1270"]
[WhiteRD "164"]
[BlackElo "2408"]
[BlackRD "65"]
[GameID "368954"]

1. e4 c5 2. Nf3 Nc6 3. Bb5 Nf6 4. Bxc6 dxc6 5. d3 Qc7 6. Be3 e5 7. h3 h6 8. Nh4 c4 9. O-O Be6 10. Qf3 Be7
11. Nf5 Bxf5 12. Qxf5 cxd3 13. cxd3 Rd8 14. Rd1 O-O 15. Nc3 Nh7 16. d4 exd4 17. Bxd4 Rfe8 18. Rac1 Bg5 19. Rc2 Nf8 20. Re2 Ne6
21. Be3 Rxd1+ 22. Nxd1 Rd8
0-1

[Event "8 Player Open 17"]
[Site "SchemingMind.com"]
[Date "2014.11.20"]
[Round "-"]
[White "smothered mate"]
[Black "eun77"]
[Result "1-0"]
[WhiteCountry "POL"]
[BlackCountry "ISR"]
[WhiteElo "1887"]
[WhiteRD "63"]
[BlackElo "1293"]
[BlackRD "54"]
[GameID "369000"]

1. e4 e5 2. Nf3 d6 3. Bc4 h6 4. d4 Be7 5. dxe5 dxe5 6. Qxd8+ Bxd8 7. Nxe5 Be6 8. Bxe6 fxe6 9. Nc3 c6 10. Be3 Na6
11. O-O-O Ne7 12. f4 O-O 13. Nf3 Nc8 14. Rd7 Nb6 15. Rxb7 Rf7 16. Rxf7 Kxf7 17. Ne5+ Kg8 18. Nxc6
1-0

[Event "8 Player Open 17"]
[Site "SchemingMind.com"]
[Date "2014.11.20"]
[Round "-"]
[White "eun77"]
[Black "smothered mate"]
[Result "0-1"]
[WhiteCountry "ISR"]
[BlackCountry "POL"]
[WhiteElo "1293"]
[WhiteRD "54"]
[BlackElo "1887"]
[BlackRD "63"]
[GameID "369001"]

1. e4 e5 2. d3 Bc5 3. h3 Nf6 4. Be3 Bxe3 5. fxe3 Nxe4 6. dxe4 Qh4+ 7. Kd2 Qxe4 8. Qe2 d5 9. Nc3 Qb4 10. Kc1 c6
11. a3 Qd6 12. Nf3 f6 13. Kb1 Be6 14. Nd2 Nd7 15. g4 O-O-O 16. Nb3 Rhe8 17. Bg2 d4 18. exd4 Bxb3 19. cxb3 exd4 20. Qd1 Qg3
21. Be4 dxc3
0-1

[Event "8 Player Open 17"]
[Site "SchemingMind.com"]
[Date "2014.11.20"]
[Round "-"]
[White "khayman"]
[Black "eun77"]
[Result "1-0"]
[WhiteCountry "ENG"]
[BlackCountry "ISR"]
[WhiteElo "2433"]
[WhiteRD "84"]
[BlackElo "1293"]
[BlackRD "54"]
[GameID "369002"]

1. e4 e5 2. Nf3 d6 3. Bc4 h6 4. d4 Be7 5. dxe5 dxe5 6. Qxd8+ Bxd8 7. Nxe5 Be6 8. Bxe6 fxe6 9. O-O Ne7 10. Nc3 c6
11. Bf4 O-O 12. Bg3 Kh7 13. Rad1 Bc7 14. Nd7 Nxd7 15. Rxd7 Bd8 16. Rfd1 Re8 17. Rxb7 Bb6 18. Rdd7 Bd8 19. Bd6 Rg8 20. Bxe7 Bxe7
21. Rxe7
1-0

[Event "8 Player Open 17"]
[Site "SchemingMind.com"]
[Date "2014.11.17"]
[Round "-"]
[White "eun77"]
[Black "khayman"]
[Result "0-1"]
[WhiteCountry "ISR"]
[BlackCountry "ENG"]
[WhiteElo "1293"]
[WhiteRD "54"]
[BlackElo "2433"]
[BlackRD "84"]
[GameID "369003"]

1. d4 Nf6 2. e3 e6 3. Nf3 c5 4. Be2 Nc6 5. O-O Be7 6. h3 O-O 7. dxc5 Bxc5 8. c3 d5 9. Nh2 e5 10. Bg4 Nxg4
11. hxg4 e4 12. Bd2 Bd6 13. f3 exf3 14. Qxf3 h5 15. gxh5 Qh4 16. g3 Bxg3 17. Qg2 Bh3 18. Qe2 Bxh2+ 19. Qxh2 Qg4+ 20. Kf2 Ne5
21. Qxe5 Qg2+
0-1

[Event "8 Player Open 17"]
[Site "SchemingMind.com"]
[Date "2014.11.20"]
[Round "-"]
[White "Phillip Beckett"]
[Black "eun77"]
[Result "1-0"]
[WhiteCountry "ENG"]
[BlackCountry "ISR"]
[WhiteElo "1566"]
[WhiteRD "46"]
[BlackElo "1293"]
[BlackRD "54"]
[GameID "369004"]

1. e4 e5 2. Nf3 d6 3. d4 Be7 4. dxe5 dxe5 5. Qxd8+ Bxd8 6. Nxe5 Nf6 7. f3 h6 8. Nc3 c6 9. Bf4 O-O 10. O-O-O Bc7
11. Nd3 Bxf4+ 12. Nxf4 Nbd7 13. Bc4 Nb6 14. Be2 Be6 15. Nxe6 fxe6 16. Rhe1 Rad8 17. Rxd8 Rxd8 18. Rd1 Rxd1+ 19. Kxd1 Kf7 20. Bd3 Nfd7
21. Ne2 Ne5 22. Nd4 Nxd3 23. cxd3 g6 24. Nb3 Na4 25. Kc2 Nb6 26. Nc5 Nc8 27. Nxb7 Ke7 28. Nc5 g5 29. d4 Nd6 30. Kd3 Nb5
31. Na6 Kd7 32. Nc5+ Ke7 33. a4 Nd6 34. e5 Nc8 35. Ne4 a6 36. Nf6 Kf7 37. Ng4 Kg6 38. Nf2 h5 39. Ne4 g4 40. Nc5 gxf3
41. gxf3 Kf5 42. Ke3 a5 43. Nb7 Nb6 44. Nxa5 Nxa4 45. b3 Nc3 46. Nxc6 Nd5+ 47. Ke2 Nc3+ 48. Kd3 Nd5 49. b4 Nc7 50. Nd8 h4
51. Nf7 Kf4 52. Ke2
1-0

[Event "8 Player Open 17"]
[Site "SchemingMind.com"]
[Date "2014.11.15"]
[Round "-"]
[White "eun77"]
[Black "Phillip Beckett"]
[Result "1/2-1/2"]
[WhiteCountry "ISR"]
[BlackCountry "ENG"]
[WhiteElo "1409"]
[WhiteRD "60"]
[BlackElo "1541"]
[BlackRD "49"]
[GameID "369005"]

1. Nf3 Nf6 2. d4 d5 3. h3 e6 4. e3 c5 5. Be2 Nc6 6. O-O Bd6 7. dxc5 Bxc5 8. b3 O-O 9. Ba3 Bxa3 10. Nxa3 Qe7
11. Nb1 Bd7 12. Nh2 Rfd8 13. Ng4 Nxg4 14. Bxg4 Rac8 15. c3 f5 16. Be2 Ne5 17. f4 Nc6 18. Bf3 Nb8 19. Qe2 a6 20. a4 Bc6
21. b4 b5 22. a5 Nd7 23. Na3 Nf6 24. Nc2 Ne4 25. Bxe4 fxe4 26. Nd4 Bb7 27. Rac1 Rc4 28. Rc2 Rdc8 29. Rfc1 R4c7 30. Kh1 Rf8
31. g3 Qf6 32. Nb3 Rfc8 33. Nd4 Rc4 34. Nb3 R4c7 35. Nc5 Re8 36. Nxb7 Rxb7 37. Kg2 Rc8 38. Qd2 Rbc7= 39. Kf2 Rc4 40. h4 h6
41. Qe2 Rxc3 42. Rxc3 Rxc3 43. Rxc3 Qxc3 44. Qh5 Qd2+ 45. Kf1 Qc1+ 46. Kf2 Qc8 47. Qg6 Qd7 48. Qh5 Qf7 49. Qe2 Qc7=
1/2-1/2

[Event "8 Player Open 17"]
[Site "SchemingMind.com"]
[Date "2014.11.15"]
[Round "-"]
[White "michel"]
[Black "eun77"]
[Result "1-0"]
[WhiteCountry "CAN"]
[BlackCountry "ISR"]
[WhiteElo "2305"]
[WhiteRD "55"]
[BlackElo "1461"]
[BlackRD "71"]
[GameID "369006"]

1. e4 e5 2. Nf3 d6 3. d4 Be7 4. dxe5 dxe5 5. Qxd8+ Bxd8 6. Nxe5 Nc6 7. Nxc6 bxc6 8. Nc3 Ne7 9. Be3 O-O 10. Bc4 Be6
11. Bxe6 fxe6 12. O-O-O Ng6 13. Rd4 Bf6 14. Ra4 Bxc3 15. bxc3 a5 16. Rd1 Rfe8 17. Rd7 Rac8 18. Rxa5 Red8 19. Rd3 Ne5 20. Rxe5 Rxd3
21. cxd3 Rd8 22. d4 Kf7 23. Rc5 g6 24. Rxc6 Rc8 25. Bf4 h5 26. Rxc7+ Rxc7 27. Bxc7 Ke7 28. a4 Kd7 29. Be5 Kc6 30. c4 Kb6
31. c5+ Ka5 32. c6 Kb6 33. d5 exd5 34. exd5
1-0

[Event "8 Player Open 17"]
[Site "SchemingMind.com"]
[Date "2014.11.15"]
[Round "-"]
[White "eun77"]
[Black "michel"]
[Result "0-1"]
[WhiteCountry "ISR"]
[BlackCountry "CAN"]
[WhiteElo "1425"]
[WhiteRD "84"]
[BlackElo "2323"]
[BlackRD "61"]
[GameID "369007"]

1. Nc3 d5 2. d4 Nf6 3. e3 c5 4. h3 g6 5. dxc5 Bg7 6. Nf3 O-O 7. Be2 Na6 8. Bxa6 bxa6 9. O-O Bb7 10. Nh2 Qa5
11. a3 Qxc5 12. Bd2 e5 13. b4 Qc6 14. f3 Rad8 15. Ne2 Ne8 16. c3 Nd6 17. Ng4 Nc4 18. Nh2 d4 19. cxd4 exd4 20. exd4 Rxd4
21. Nxd4 Bxd4+ 22. Kh1 Bxa1 23. Qxa1 Nxd2 24. Rf2 Rd8 25. Qb2 Nc4 26. Qc2 Nxa3 27. Qxc6 Bxc6 28. Ng4 Nc4 29. Rc2 Bb5 30. Rc3 h5
31. Ne3 Nxe3 32. Rxe3 Rd4 33. Re7 Rxb4 34. Rxa7 Rb2 35. g3 Ra2 36. f4 a5 37. Rb7 Bc6+
0-1

[Event "8 Player Open 17"]
[Site "SchemingMind.com"]
[Date "2014.11.15"]
[Round "-"]
[White "eun77"]
[Black "Simon Green"]
[Result "0-1"]
[WhiteCountry "ISR"]
[BlackCountry "ENG"]
[WhiteElo "1293"]
[WhiteRD "54"]
[BlackElo "1640"]
[BlackRD "53"]
[GameID "369008"]

1. d4 e6 2. e3 d5 3. Nf3 c5 4. dxc5 Bxc5 5. Bb5+ Nc6 6. Bxc6+ bxc6 7. O-O Nf6 8. b3 O-O 9. Ba3 Bxa3 10. Nxa3 Ba6
11. Re1 Qa5 12. Nb1 Rad8 13. c3 Ne4 14. a4 c5 15. Nfd2 Nxc3 16. Nxc3 Qxc3 17. Qc1 Qxc1 18. Raxc1 Rc8 19. Nf3 f6 20. h3 Bd3
21. Red1 Be2 22. Re1 Bxf3 23. gxf3 e5 24. Rc2 Rc6 25. Rec1 Rfc8 26. b4 c4 27. b5 Rb6 28. Kf1 a5 29. Ke2 Kf7 30. Rc3 Ke6
31. Kd2 f5 32. Ke2 g5 33. Rg1 h6 34. Rh1 f4 35. exf4 gxf4 36. Rg1 d4 37. Rcc1 c3 38. Kd3 Kd5
0-1

[Event "8 Player Open 17"]
[Site "SchemingMind.com"]
[Date "2014.11.20"]
[Round "-"]
[White "Simon Green"]
[Black "eun77"]
[Result "1-0"]
[WhiteCountry "ENG"]
[BlackCountry "ISR"]
[WhiteElo "1640"]
[WhiteRD "53"]
[BlackElo "1293"]
[BlackRD "54"]
[GameID "369009"]

1. d4 d5 2. e3 e6 3. Bd3 Nf6 4. f4 h6 5. Nf3 Be7 6. O-O O-O 7. Nbd2 Nbd7 8. Qe1 Nh7 9. Qg3 f5 10. Ne5 Nxe5
11. fxe5 Qe8 12. c4 Bd7 13. c5 Qf7 14. Nf3 Be8 15. Nd2 Qg6 16. Qxg6 Bxg6 17. g3 c6 18. b4 a6 19. Nf3 Bf7 20. Bd2 Bh5
21. Kg2 Bxf3+ 22. Rxf3 Ng5 23. Rf2 Ne4 24. Bxe4 dxe4 25. a4 Rab8 26. a5 Rfe8 27. Raf1 Bf8 28. h4 Be7 29. Kh3 g6 30. g4 Rf8
31. Be1 fxg4+ 32. Kxg4 Rxf2 33. Rxf2 Rf8 34. h5 Rxf2 35. Bxf2 g5 36. Be1
1-0

[Event "8 Player Open 17"]
[Site "SchemingMind.com"]
[Date "2014.11.15"]
[Round "-"]
[White "eun77"]
[Black "frankly"]
[Result "0-1"]
[WhiteCountry "ISR"]
[BlackCountry "ENG"]
[WhiteElo "1409"]
[WhiteRD "60"]
[BlackElo "2402"]
[BlackRD "69"]
[GameID "369010"]

1. e4 c5 2. d3 Nc6 3. Nf3 Nf6 4. Be2 e6 5. O-O d5 6. h3 dxe4 7. dxe4 Qxd1 8. Bxd1 Nxe4 9. Nc3 Nxc3 10. bxc3 Be7
11. Nh2 b6 12. Bf3 Bb7 13. Bxc6+ Bxc6 14. Be3 Bf6 15. Bd2 O-O-O 16. Rad1 Be4 17. Nf3 Bxc2 18. Rc1 Be4 19. Be3 Rd3 20. Rfd1 Rxd1+
21. Rxd1 Bxc3 22. Rc1 Bb2 23. Rd1 Rd8 24. Rxd8+ Kxd8 25. Nd2 Bd3 26. a4 c4 27. Nf3 Kd7 28. Ne1 Be2 29. Nc2 Bd1 30. Nd4 c3
31. Kh2 Bxa4 32. Ne2 b5 33. Bc1 b4 34. Be3 c2 35. Kg3 b3 36. Kf3 Ba3 37. Ke4 b2 38. Nc3 c1=Q 39. Bxc1 bxc1=Q 40. Nxa4 Qc4+
0-1

[Event "8 Player Open 17"]
[Site "SchemingMind.com"]
[Date "2014.11.15"]
[Round "-"]
[White "frankly"]
[Black "eun77"]
[Result "1-0"]
[WhiteCountry "ENG"]
[BlackCountry "ISR"]
[WhiteElo "2408"]
[WhiteRD "65"]
[BlackElo "1461"]
[BlackRD "71"]
[GameID "369011"]

1. d4 d5 2. c4 c6 3. e3 e6 4. Nc3 Nf6 5. Nf3 Be7 6. Bd3 O-O 7. O-O h6 8. e4 dxe4 9. Nxe4 Nxe4 10. Bxe4 f5
11. Bc2 Nd7 12. Re1 Nf6 13. Qe2 Nh7 14. Bd2 Bg5 15. Bb4 Be7 16. Bxe7 Qxe7 17. d5 cxd5 18. cxd5 Re8 19. dxe6 Bxe6 20. Nd4 Qd6
21. Nxe6 Rxe6 22. Qxe6+ Qxe6 23. Rxe6 Kf8 24. Bxf5 Nf6 25. Rae1 Rd8 26. Re7 Nd5 27. Rxb7 Nf6 28. Rxa7 Kg8 29. b4 Kf8 30. Be6 Re8
31. Rf7+ Kg8 32. Rxf6+ Kh8 33. Rf7 g6 34. b5 Rb8 35. Bd5 h5 36. Ree7
1-0